Africulture And Energy (Record no. 2823)

MARC details
000 -LEADER
fixed length control field 00266nam a22001217a 4500
041 ## - LANGUAGE CODE
Language code of text/sound track or separate title ENG
100 ## - MAIN ENTRY--PERSONAL NAME
Personal name W.Lockeretz
245 ## - TITLE STATEMENT
Title Africulture And Energy
260 ## - PUBLICATION, DISTRIBUTION, ETC. (IMPRINT)
Place of publication, distribution, etc New York
Name of publisher, distributor, etc APcademic Press
Date of publication, distribution, etc 1977
300 ## - PHYSICAL DESCRIPTION
Extent 750
650 ## - SUBJECT ADDED ENTRY--TOPICAL TERM
Topical term or geographic name as entry element APE ( 02 )
856 ## - ELECTRONIC LOCATION AND ACCESS
Uniform Resource Identifier APE ( 02 )

No items available.

Contact Us: College of Agricultural Engineering and Technology, Dapoli, Dist.- Ratnagiri
Website: https://dbskkv.org Email: caetlibrary2015@gmail.com